| 000 | 00538nam a22001697a 4500 | ||
|---|---|---|---|
| 020 | _a9789876293297 | ||
| 080 | _a340.12 N 622 | ||
| 100 | _aNino, Carlos | ||
| 245 |
_aOcho Lecciones sobre Etica y Derecho _bpara pensar la Democracia |
||
| 250 | _a2° Ed. | ||
| 260 |
_aBuenos Aires: _bSiglo XXI, _c2017 |
||
| 300 |
_a192 P. _c20 X 13 Cm. |
||
| 490 | _aMinima | ||
| 650 |
_xderecho _xetica _xfilosofia del derecho _xnaturalismo _xkant _xHare _xmetaetica _xJhon Rawls _xprincipio de igualdad _xlibertad |
||
| 942 | _6_ | ||
| 945 |
_acd _d2022-08-04 |
||
| 999 |
_c5174 _d235678 |
||